| 000 | 01311cas a2200409 a 4500 | ||
|---|---|---|---|
| 001 | data | ||
| 005 | 20260322212108.0 | ||
| 008 | data | ||
| 010 | _a 95642685 | ||
| 016 | _a(AMICUS)000012265828 | ||
| 022 | _a0800-4234 | ||
| 023 | 0 | _a0800-4234 | |
| 029 | 1 |
_aAU@ _b000009145271 |
|
| 029 | 1 |
_aNLC _b000012265828 |
|
| 035 | _a(OCoLC)27907251 | ||
| 040 |
_aNDD _beng _cNDD _dOCLCQ _dOCLCQ _dOCLCF _dOCLCO _dOCLCQ _dNLC _dOCLCQ |
||
| 041 | 0 |
_anor _anor |
|
| 042 | _apcc | ||
| 050 | 0 | 0 |
_aJC571 _b.W884 |
| 130 | 0 | _aWorking paper (Chr. Michelsens institutt. Programmet for menneskerettighetsstudier) | |
| 245 | 1 | 0 | _aWorking paper. |
| 246 | 1 | 3 | _aArbeidsnotat |
| 260 |
_aFantoft, Norway : _bChr. Michelsen Institute, Programme of Human Rights Studies, _c1990- |
||
| 300 |
_avolumes ; _c30 cm |
||
| 336 |
_atext _btxt _2rdacontent |
||
| 337 |
_aunmediated _bn _2rdamedia |
||
| 338 |
_avolume _bnc _2rdacarrier |
||
| 362 | 0 | _aM 1990:1- | |
| 546 | _aEnglish and Norwegian. | ||
| 588 | _aLatest issue consulted: M 1992:4. | ||
| 650 | 0 | _aHuman rights. | |
| 650 | 7 |
_aHuman rights. _2fast _0(OCoLC)fst00963285 |
|
| 710 | 2 |
_aChr. Michelsens institutt. _bProgrammet for menneskerettighetsstudier. |
|
| 906 |
_a7 _bcbc _cserials _du _encip _f19 _gn-oclcserc |
||
| 991 |
_bc-GenColl _hJC571 _i.W884 _wSERIALS |
||
| 999 |
_c1606 _d1606 |
||